[Event "29. Erfurter Schachfestival 2019 - Seni"]
[Site "Erfurt"]
[Date "2019.12.27"]
[Round "2.4"]
[White "Muuss, Klaus"]
[Black "Bodemer, Wolfgang"]
[Result "1/2-1/2"]
[WhiteElo "2064"]
[BlackElo "1850"]
[PlyCount "107"]
[EventDate "2019.12.26"]

1. e4 c5 2. Nf3 d6 3. d4 cxd4 4. Nxd4 Nf6 5. Nc3 g6 6. Be3 Bg7 7. f3 Nc6 8. Qd2
Bd7 9. O-O-O Nxd4 10. Bxd4 O-O 11. h4 h5 12. Be2 a6 13. g4 e5 14. Be3 hxg4 15.
h5 Nxh5 16. Bh6 Nf4 17. Bxg7 Kxg7 18. Qxd6 Qg5 19. Kb1 Be6 20. fxg4 Rad8 21.
Qc5 Rxd1+ 22. Bxd1 Rd8 23. b3 Rc8 24. Qe3 Rh8 25. Rxh8 Kxh8 26. Qb6 Qe7 27. Bf3
Qd7 28. Qe3 Qd4 29. Qxd4 exd4 30. Nd5 Nxd5 31. exd5 Bd7 32. Kb2 Kg7 33. c4
dxc3+ 34. Kxc3 Kf6 35. Kd4 b6 36. b4 Ke7 37. Be2 Kd6 38. g5 b5 39. Bd1 Bh3 40.
a4 Bd7 41. axb5 Bxb5 42. Bg4 Bf1 43. Bc8 Be2 44. Bb7 Bf1 45. Bc6 Be2 46. Be8
Ke7 47. Bc6 Kd6 48. Bb7 Bb5 49. Bc8 Be2 50. Bh3 Bb5 51. Bg4 Bf1 52. Bd1 Bb5 53.
Bb3 Bd7 54. Bc4 1/2-1/2

[Event "29. Erfurter Schachfestival 2019 - Seni"]
[Site "Erfurt"]
[Date "2019.12.27"]
[Round "2.5"]
[White "Werner, Bernd-Michael"]
[Black "Svanholm, Borge Waaktaar"]
[Result "0-1"]
[WhiteElo "2059"]
[BlackElo "1727"]
[PlyCount "70"]
[EventDate "2019.12.26"]

1. e4 e6 2. d4 d5 3. e5 c5 4. f4 cxd4 5. Nf3 Nc6 6. a3 a5 7. Bd3 Be7 8. Qe2 Nh6
9. b3 Qb6 10. Nbd2 Bd7 11. Nf1 O-O 12. h3 f6 13. exf6 Bxf6 14. g4 Be7 15. Ng3
Rae8 16. O-O Qc7 17. Qg2 Bd6 18. Ne2 Kh8 19. Bd2 Nf7 20. g5 g6 21. c3 e5 22.
Nxe5 Nfxe5 23. fxe5 Nxe5 24. Nf4 Rxf4 25. Bxf4 Nxd3 26. Bxd6 Qxd6 27. Rf6 Qe5
28. Raf1 Qe3+ 29. Kh2 dxc3 30. R6f3 Qe5+ 31. Kg1 Bf5 32. Rg3 Be4 33. Re3 Bxg2
34. Rxe5 Rxe5 35. Kxg2 c2 0-1

[Event "29. Erfurter Schachfestival 2019 - Seni"]
[Site "Erfurt"]
[Date "2019.12.27"]
[Round "2.6"]
[White "Jaeger, Andre"]
[Black "Wünsch, Ulrich"]
[Result "1/2-1/2"]
[WhiteElo "1850"]
[BlackElo "2050"]
[PlyCount "29"]
[EventDate "2019.12.26"]

1. d4 Nf6 2. c4 e6 3. Nc3 Bb4 4. f3 c5 5. a3 Bxc3+ 6. bxc3 O-O 7. e4 d6 8. Bd3
e5 9. d5 Qa5 10. Ne2 Nbd7 11. O-O Nb6 12. Bg5 Nbd7 13. Qd2 Re8 14. Ng3 Qd8 15.
Kh1 1/2-1/2

[Event "29. Erfurter Schachfestival 2019 - Seni"]
[Site "Erfurt"]
[Date "2019.12.27"]
[Round "2.8"]
[White "Hüttemann, Karl-Heinz"]
[Black "Wolkenstein, Eckhardt"]
[Result "1-0"]
[WhiteElo "2043"]
[BlackElo "1589"]
[PlyCount "71"]
[EventDate "2019.12.26"]

1. c4 Nf6 2. Nc3 g6 3. g3 Bg7 4. Bg2 O-O 5. e4 Nc6 6. Nge2 e5 7. d3 d6 8. O-O
Bg4 9. h3 Be6 10. Be3 Ne7 11. f4 exf4 12. Nxf4 c6 13. Qe2 d5 14. exd5 cxd5 15.
Nxe6 fxe6 16. Bc5 Qd7 17. Rae1 d4 18. Nb5 Rac8 19. Bxa7 Nf5 20. Qxe6+ Qxe6 21.
Rxe6 Nxg3 22. Rfe1 Nf5 23. Bxb7 Rce8 24. Rxe8 Nxe8 25. Bd5+ Kh8 26. Bc5 Nf6 27.
Bxf8 Bxf8 28. Bb7 Nh5 29. Be4 Bb4 30. Rf1 Nfg3 31. Rd1 Nf4 32. Kh2 Nge2 33. Bf3
h5 34. a3 Ba5 35. b4 Bd8 36. Re1 1-0

[Event "29. Erfurter Schachfestival 2019 - Seni"]
[Site "Erfurt"]
[Date "2019.12.27"]
[Round "2.9"]
[White "Streit, Jürgen"]
[Black "Albrecht, Ulrich"]
[Result "1-0"]
[WhiteElo "1845"]
[BlackElo "2061"]
[PlyCount "75"]
[EventDate "2019.12.26"]

1. e4 d5 2. exd5 Qxd5 3. Nc3 Qd8 4. d4 Nf6 5. Nf3 Bf5 6. Bc4 e6 7. Ne5 Bb4 8.
Bg5 O-O 9. O-O h6 10. Bxf6 Qxf6 11. Qf3 c6 12. Ne4 Qe7 13. c3 Bd6 14. Ng3 Bh7
15. Rae1 Bxe5 16. dxe5 Nd7 17. Bd3 Bxd3 18. Qxd3 Rfd8 19. Qe2 Qc5 20. Kh1 Nf8
21. f4 Qd5 22. Rd1 Qxa2 23. Rxd8 Rxd8 24. Ne4 Ng6 25. Nd6 Rd7 26. c4 Qa5 27.
Qg4 Ne7 28. Ne8 Nf5 29. Nf6+ Kh8 30. Nxd7 Ne3 31. Qe2 Nxf1 32. Qxf1 Qd2 33. Nc5
Qxb2 34. h3 b6 35. Ne4 Qd4 36. Nd6 Kg8 37. Qf3 Qc5 38. Qh5 1-0

[Event "29. Erfurter Schachfestival 2019 - Seni"]
[Site "Erfurt"]
[Date "2019.12.27"]
[Round "2.10"]
[White "Jackisch, Johannes"]
[Black "Etzold, Walter"]
[Result "0-1"]
[WhiteElo "1600"]
[BlackElo "2041"]
[PlyCount "56"]
[EventDate "2019.12.26"]

1. e4 e6 2. d4 d5 3. e5 c5 4. c3 Nc6 5. Nf3 Qb6 6. Qb3 Na5 7. Qb5+ Bd7 8. Qxb6
axb6 9. Nbd2 f6 10. Be2 Ne7 11. O-O Ng6 12. exf6 gxf6 13. b3 Bd6 14. Bb2 Nf4
15. Rfe1 Nxe2+ 16. Rxe2 Kf7 17. h3 Rhg8 18. Kf1 Bb5 19. c4 dxc4 20. Ne4 Be7 21.
Nc3 Bc6 22. Rae1 cxd4 23. Rxe6 Bc5 24. Na4 Rae8 25. Nxc5 bxc5 26. Rd6 cxb3 27.
axb3 Nxb3 28. Nh4 Nd2+ 0-1

[Event "29. Erfurter Schachfestival 2019 - Seni"]
[Site "Erfurt"]
[Date "2019.12.27"]
[Round "2.12"]
[White "Vogel, Alfred"]
[Black "Bryx, Joachim"]
[Result "1-0"]
[WhiteElo "1966"]
[BlackElo "1700"]
[PlyCount "33"]
[EventDate "2019.12.26"]

1. e4 e5 2. f4 exf4 3. Nf3 d6 4. d4 g5 5. h4 Bg4 6. hxg5 Bxf3 7. Qxf3 Qxg5 8.
Bxf4 Qa5+ 9. Nd2 Nd7 10. c3 c6 11. Nc4 Qc7 12. e5 dxe5 13. dxe5 Nb6 14. O-O-O
Nd5 15. Rxd5 cxd5 16. e6 Qe7 17. Nd6+ 1-0

[Event "29. Erfurter Schachfestival 2019 - Seni"]
[Site "Erfurt"]
[Date "2019.12.27"]
[Round "2.13"]
[White "Helm, Helga"]
[Black "Just, Gabriele"]
[Result "0-1"]
[WhiteElo "1555"]
[BlackElo "1869"]
[Annotator "Ruether,Rudolf"]
[PlyCount "96"]
[EventDate "2019.12.26"]

1. e4 e6 2. d4 d5 3. exd5 exd5 4. Nf3 Bd6 5. Nc3 Ne7 6. Be2 Nbc6 7. Bg5 f6 8.
Bh4 Bg4 9. Nb5 Qd7 10. Nxd6+ Qxd6 11. c3 O-O-O 12. Bg3 Qe6 13. Qd3 g5 14. O-O-O
h5 15. h3 h4 16. Bh2 {(=)} Bf5 17. Qe3 Qd7 18. Bd3 Rde8 19. Qd2 Na5 20. Bxf5
Nxf5 21. Qc2 Re4 22. Rhe1 Rhe8 23. g4 hxg3 24. Bxg3 Nxg3 25. fxg3 Qxh3 26. Qf2
Qf5 27. Qf1 Nc4 28. Nd2 Qxf1 29. Rxf1 Nxd2 30. Rxd2 Re1+ 31. Rd1 Rxd1+ 32. Kxd1
Re3 33. Rxf6 Rxg3 34. Rf8+ Kd7 35. Rf7+ Kc6 36. Rf6+ Kb5 37. Rf7 Kb6 38. Rf6+
c6 39. Rf2 a5 40. Ke2 Kb5 41. Rf3 Rg2+ 42. Rf2 Rxf2+ 43. Kxf2 Kc4 44. Kf3 a4
45. Kg4 a3 46. bxa3 Kxc3 47. Kxg5 Kxd4 48. Kf4 Kd3 0-1

[Event "29. Erfurter Schachfestival 2019 - Seni"]
[Site "Erfurt"]
[Date "2019.12.27"]
[Round "2.14"]
[White "Hadlich, Gerald"]
[Black "Reitmaier, Adolf"]
[Result "1-0"]
[WhiteElo "1868"]
[BlackElo "1550"]
[PlyCount "67"]
[EventDate "2019.12.26"]

1. e4 d5 2. exd5 Qxd5 3. Nc3 Qd6 4. d4 a6 5. g3 Nf6 6. Bg2 c6 7. Nge2 Bf5 8.
O-O h6 9. d5 cxd5 10. Nxd5 Nxd5 11. Bxd5 Qd7 12. c3 e6 13. Bf3 Qxd1 14. Rxd1
Nc6 15. Be3 Nd8 16. Bb6 Nc6 17. Bxc6+ bxc6 18. b4 Be7 19. f3 e5 20. a4 Be6 21.
a5 Bc4 22. Kf2 O-O 23. Rd7 Bd8 24. Rad1 Bxb6+ 25. axb6 Rab8 26. b7 f6 27. R1d6
Bb5 28. Rc7 Rf7 29. Rxf7 Kxf7 30. Rd7+ Kg6 31. Rc7 h5 32. Nc1 f5 33. Nb3 Kf6
34. Nc5 1-0

[Event "29. Erfurter Schachfestival 2019 - Seni"]
[Site "Erfurt"]
[Date "2019.12.27"]
[Round "2.15"]
[White "Wanka, Gerd"]
[Black "Brüning, Wolfgang"]
[Result "0-1"]
[WhiteElo "1760"]
[BlackElo "1855"]
[PlyCount "80"]
[EventDate "2019.12.26"]

1. d4 e6 2. Nf3 f5 3. Bf4 Nf6 4. h3 d5 5. e3 Bd6 6. Ne5 Qe7 7. g4 Bxe5 8. Bxe5
Nc6 9. Bb5 Qb4+ 10. Nc3 Qxb2 11. Bxc6+ bxc6 12. Kd2 Qb4 13. Bxf6 gxf6 14. gxf5
Qe7 15. Qh5+ Qf7 16. Qxf7+ Kxf7 17. fxe6+ Bxe6 18. Rab1 Rab8 19. Rxb8 Rxb8 20.
Na4 Bf5 21. Kc3 h5 22. h4 Rg8 23. Rh2 Rg1 24. Kd2 Kg6 25. Nc3 Bg4 26. Ne2 Bxe2
27. Kxe2 Ra1 28. f3 Rxa2 29. Kd3 a5 30. Rg2+ Kf7 31. Kc3 Ra3+ 32. Kd2 Ra1 33.
Rh2 Rb1 34. e4 a4 35. Kd3 Rf1 36. Ke3 Rb1 37. c3 Ra1 38. Re2 a3 39. Kf4 Rc1 40.
Ra2 Rxc3 0-1

[Event "29. Erfurter Schachfestival 2019 - Seni"]
[Site "Erfurt"]
[Date "2019.12.27"]
[Round "2.16"]
[White "Stahr, Ralf-Peter"]
[Black "Kirste, Olaf"]
[Result "1-0"]
[WhiteElo "2158"]
[BlackElo "1891"]
[PlyCount "57"]
[EventDate "2019.12.26"]

1. c4 Nf6 2. Nc3 g6 3. e4 d6 4. d4 Bg7 5. Be2 c6 6. Nf3 O-O 7. O-O Qc7 8. Bf4
Nbd7 9. h3 e5 10. Bh2 Re8 11. c5 dxc5 12. dxe5 Nxe5 13. Nxe5 Rxe5 14. Bxe5 Qxe5
15. Qd8+ Qe8 16. Qxe8+ Nxe8 17. f4 Bd4+ 18. Kh2 Ng7 19. a4 Be6 20. g4 f5 21.
Bf3 Re8 22. Rfe1 Kf7 23. Ne2 Be3 24. exf5 gxf5 25. g5 Bd5 26. Kg3 Kg6 27. Nc3
Nh5+ 28. Bxh5+ Kxh5 29. Rad1 1-0

[Event "29. Erfurter Schachfestival 2019 - Seni"]
[Site "Erfurt"]
[Date "2019.12.27"]
[Round "2.17"]
[White "Hölting, Siegfried"]
[Black "Lüders, Günter"]
[Result "1-0"]
[WhiteElo "1854"]
[BlackElo "1679"]
[PlyCount "61"]
[EventDate "2019.12.26"]

1. e4 c5 2. c3 d6 3. d4 cxd4 4. cxd4 g6 5. Nf3 Bg7 6. Nc3 a6 7. Be2 Nc6 8. Be3
Bd7 9. O-O Rc8 10. Rc1 e6 11. d5 Ne5 12. Nd4 Nf6 13. dxe6 Bxe6 14. Nxe6 fxe6
15. h3 Qe7 16. Qb3 O-O 17. f4 Nf7 18. Bf2 Bh6 19. Bh4 g5 20. fxg5 Bxg5 21. Bxg5
Nxg5 22. Bf3 Nxf3+ 23. Rxf3 d5 24. exd5 exd5 25. Rcf1 Qc5+ 26. Kh1 Qc6 27. Rd1
Qe6 28. Nxd5 Nxd5 29. Rxd5 Rfe8 30. Rg5+ Kh8 31. Rf8+ 1-0

[Event "29. Erfurter Schachfestival 2019 - Seni"]
[Site "Erfurt"]
[Date "2019.12.27"]
[Round "2.18"]
[White "Kröncke, Manfred"]
[Black "Welsch, Dieter Sen"]
[Result "1/2-1/2"]
[WhiteElo "2034"]
[BlackElo "1794"]
[Annotator "Ruether,Rudolf"]
[PlyCount "88"]
[EventDate "2019.12.26"]

1. e4 e5 2. Nf3 Nf6 3. Nxe5 d6 4. Nc4 Nxe4 5. Qe2 Qe7 6. Ne3 Nc6 7. c3 Be6 8.
d4 d5 9. Nd2 f5 10. Nxe4 fxe4 11. Qb5 Qd6 12. Qa4 Be7 13. Bb5 O-O 14. Bxc6 bxc6
15. b4 Qf4 16. Qc2 Qh4 17. Qe2 Bd6 18. g3 Qh3 19. Bd2 Rf3 20. Qf1 Raf8 21. Qxh3
Bxh3 22. Nd1 h6 23. Rb1 a6 24. Be3 R3f6 25. Nb2 Bg2 26. Rg1 Bf3 27. Na4 Rb8 {
(=)} 28. Kd2 Rff8 29. Nc5 Bxc5 30. bxc5 Bg4 31. h4 Kf7 32. Rb3 Rb5 33. Rgb1 Ke7
34. a4 Rxb3 35. Rxb3 Bc8 36. a5 Kd7 37. Rb1 Kd8 38. Bf4 Kd7 39. Rg1 Rf7 40. Rg2
Kd8 41. Ke3 Bg4 42. Rg1 Kc8 43. Rg2 Rf5 44. Kd2 Rf7 1/2-1/2

[Event "29. Erfurter Schachfestival 2019 - Seni"]
[Site "Erfurt"]
[Date "2019.12.27"]
[Round "2.19"]
[White "Klein, Reinhard"]
[Black "Teichmann, Axel"]
[Result "1-0"]
[WhiteElo "1868"]
[BlackElo "1716"]
[PlyCount "79"]
[EventDate "2019.12.26"]

1. d4 d5 2. Nf3 Nc6 3. Bf4 Nf6 4. e3 e6 5. Nbd2 Bd6 6. c3 Bxf4 7. exf4 O-O 8.
Bd3 a6 9. O-O Ne7 10. Ne5 Ng6 11. g3 Nd7 12. Nxg6 hxg6 13. Re1 c5 14. Nf3 c4
15. Bc2 b5 16. Ng5 Re8 17. Qf3 Nf8 18. a4 f6 19. Nh3 e5 20. fxe5 Bxh3 21. g4
fxe5 22. Qxh3 e4 23. Qg3 Qf6 24. h4 Ne6 25. f3 g5 26. h5 Qxf3 27. Qxf3 exf3 28.
axb5 Nf4 29. bxa6 Nh3+ 30. Kf1 Rxe1+ 31. Kxe1 Nf4 32. b4 Re8+ 33. Kf1 Ne2 34.
Bg6 Ra8 35. Ra3 Kf8 36. b5 Ke7 37. b6 Kd6 38. b7 Rb8 39. Bf5 Kc7 40. Bc8 1-0

[Event "29. Erfurter Schachfestival 2019 - Seni"]
[Site "Erfurt"]
[Date "2019.12.27"]
[Round "2.20"]
[White "Wozny, Michael"]
[Black "Flockerzi, Armin"]
[Result "0-1"]
[WhiteElo "1906"]
[BlackElo "1696"]
[PlyCount "42"]
[EventDate "2019.12.26"]

1. c4 e5 2. Nc3 Nc6 3. d3 b6 4. Nf3 Bb7 5. g3 Nd4 6. Bg2 Nxf3+ 7. exf3 Nf6 8.
O-O Be7 9. Ne4 O-O 10. b3 d5 11. Nxf6+ Bxf6 12. Bb2 d4 13. Bc1 Re8 14. h4 g6
15. a4 a5 16. Ra2 c5 17. Re2 Qd7 18. Rfe1 Re7 19. f4 Bxg2 20. fxe5 Bf3 21. exf6
Qh3 0-1

[Event "29. Erfurter Schachfestival 2019 - Seni"]
[Site "Erfurt"]
[Date "2019.12.27"]
[Round "2.21"]
[White "Hülle, Gunter"]
[Black "Schulz, Uwe"]
[Result "0-1"]
[WhiteElo "1699"]
[BlackElo "1842"]
[PlyCount "44"]
[EventDate "2019.12.26"]

1. b4 d5 2. Bb2 Nf6 3. e3 e6 4. b5 a6 5. a4 axb5 6. axb5 Rxa1 7. Bxa1 c5 8. c4
dxc4 9. Bxc4 Nbd7 10. Nf3 Bd6 11. O-O O-O 12. d4 cxd4 13. Bxd4 e5 14. Bb2 Qe7
15. Nc3 e4 16. Nd4 Nb6 17. Bb3 Qe5 18. g3 Bg4 19. Qc2 Rc8 20. Qd2 Bb4 21. Bd1
Bh3 22. Re1 Nc4 0-1

[Event "29. Erfurter Schachfestival 2019 - Seni"]
[Site "Erfurt"]
[Date "2019.12.27"]
[Round "2.22"]
[White "Lehmann, Manfred"]
[Black "Bartsch, Marius"]
[Result "1/2-1/2"]
[WhiteElo "1841"]
[BlackElo "1638"]
[PlyCount "67"]
[EventDate "2019.12.26"]

1. d4 Nf6 2. c4 e6 3. Nc3 Bb4 4. Bd2 Bxc3 5. bxc3 b6 6. Nf3 Nc6 7. e3 O-O 8.
Bd3 Ba6 9. Qe2 Na5 10. O-O d6 11. e4 Nd7 12. Bf4 e5 13. Be3 Qe7 14. Nd2 c5 15.
d5 Rad8 16. f3 f6 17. Rfb1 Rb8 18. Nb3 Rfc8 19. Nd2 Rf8 20. g4 Rfd8 21. Kg2 Nf8
22. Bf2 g5 23. Bg3 Ng6 24. Nf1 Qe8 25. a4 Bc8 26. Ne3 Bd7 27. Bc2 Nf4+ 28. Bxf4
exf4 29. Nf5 Bxf5 30. gxf5 Qe5 31. Qd3 Rb7 32. Rh1 h5 33. Rag1 h4 34. Kf2
1/2-1/2

[Event "29. Erfurter Schachfestival 2019 - Seni"]
[Site "Erfurt"]
[Date "2019.12.27"]
[Round "2.23"]
[White "Hauke, Hans"]
[Black "Everett, Brian"]
[Result "0-1"]
[WhiteElo "1690"]
[BlackElo "1823"]
[PlyCount "50"]
[EventDate "2019.12.26"]

1. e4 e6 2. d4 d5 3. e5 c5 4. c3 Nc6 5. Be3 cxd4 6. cxd4 Nge7 7. Nc3 Nf5 8. Bd3
Nfxd4 9. Bxd4 Nxd4 10. Qa4+ Nc6 11. Nf3 Bd7 12. Qf4 Be7 13. Rc1 O-O 14. O-O a6
15. h4 f6 16. Qg3 Nxe5 17. Nxe5 fxe5 18. Qxe5 Bxh4 19. Qh5 h6 20. Qg6 Qf6 21.
Ne2 Bxf2+ 22. Rxf2 Qxf2+ 23. Kh1 Qf6 24. Qh7+ Kf7 25. Rc7 Ke7 0-1

[Event "29. Erfurter Schachfestival 2019 - Seni"]
[Site "Erfurt"]
[Date "2019.12.27"]
[Round "2.24"]
[White "Loose, Helmut"]
[Black "Grüneschild, Hildegard"]
[Result "1-0"]
[WhiteElo "1809"]
[BlackElo "1268"]
[PlyCount "97"]
[EventDate "2019.12.26"]

1. c4 c5 2. Nc3 Nc6 3. g3 g6 4. Bg2 Bg7 5. Nf3 Nf6 6. d3 d6 7. O-O Bd7 8. a3 a6
9. Qc2 Rc8 10. b3 b6 11. Bb2 e5 12. Rab1 O-O 13. Bc1 Ne7 14. Bg5 Qc7 15. Qd2
Qa7 16. Bxf6 Bxf6 17. Ne4 Nc6 18. Nxf6+ Kg7 19. Ne4 Ne7 20. Nxd6 Bc6 21. Nxc8
Rxc8 22. Nxe5 Bxg2 23. Kxg2 Qb7+ 24. Kg1 f6 25. Nf3 Nf5 26. e4 Nd4 27. Nxd4
cxd4 28. f4 b5 29. Qg2 Qa7 30. Kh1 bxc4 31. dxc4 a5 32. Rfd1 a4 33. Qf3 axb3
34. Qxb3 Rb8 35. Qxb8 Qxa3 36. Rb3 Qa2 37. Rb7+ Kh6 38. Qf8+ Kh5 39. Rxh7+ Kg4
40. Qxf6 Qxc4 41. Qxg6+ Kf3 42. Qh5+ Ke3 43. Ra7 Qc2 44. Ra3+ d3 45. Raxd3+
Qxd3 46. Rxd3+ Kxd3 47. Qf3+ Kd2 48. e5 Ke1 49. e6 1-0

[Event "29. Erfurter Schachfestival 2019 - Seni"]
[Site "Erfurt"]
[Date "2019.12.27"]
[Round "2.25"]
[White "Kolling, Peter Josef"]
[Black "Rauscher, Joachim"]
[Result "1/2-1/2"]
[WhiteElo "1658"]
[BlackElo "1807"]
[PlyCount "118"]
[EventDate "2019.12.26"]

1. d4 d5 2. e4 dxe4 3. Nc3 Nf6 4. f3 exf3 5. Nxf3 e6 6. Bg5 Be7 7. Bd3 Nd5 8.
Nxd5 exd5 9. Qe2 Be6 10. Be3 Nc6 11. c3 Qd7 12. Bb5 a6 13. Ba4 b5 14. Bc2 h6
15. O-O Bf6 16. Rae1 Na5 17. Bf4 Kd8 18. Be5 Nc4 19. Bxf6+ gxf6 20. Bb1 Bg4 21.
Qf2 Re8 22. b3 Nd6 23. Rxe8+ Nxe8 24. Nh4 Rb8 25. Bf5 Bxf5 26. Nxf5 h5 27. Re1
Rb6 28. Re7 Qxe7 29. Nxe7 Kxe7 30. Qf3 Rd6 31. Qxh5 Ng7 32. Qg4 Ne6 33. h4 c5
34. b4 cxb4 35. cxb4 Rc6 36. h5 Rc4 37. h6 Ng5 38. a3 Rc1+ 39. Kh2 Rc4 40. Qf4
Rc8 41. h7 Rh8 42. Qc7+ Kf8 43. Qc8+ Kg7 44. Qxa6 Rxh7+ 45. Kg1 Rh4 46. Qxb5
Rxd4 47. Qe2 Re4 48. Qd3 d4 49. b5 Re3 50. Qxd4 Rxa3 51. Qb4 Ra1+ 52. Kh2 Ne6
53. b6 Nd8 54. b7 Nxb7 55. Qxb7 Re1 56. Qb4 Re5 57. Qf4 Rg5 58. g4 Re5 59. Kg3
Rg5 1/2-1/2

[Event "29. Erfurter Schachfestival 2019 - Seni"]
[Site "Erfurt"]
[Date "2019.12.27"]
[Round "2.26"]
[White "Bangert, Ruediger"]
[Black "Herborth, Manfred"]
[Result "0-1"]
[WhiteElo "1524"]
[BlackElo "1795"]
[PlyCount "76"]
[EventDate "2019.12.26"]

1. e4 d6 2. d4 Nf6 3. Nc3 e5 4. dxe5 dxe5 5. Qxd8+ Kxd8 6. Nf3 Bd6 7. Bg5 Be6
8. O-O-O Nbd7 9. Bb5 Kc8 10. Nd2 Nb6 11. Kb1 c6 12. Be2 Nfd7 13. Nf3 Kc7 14.
Rd2 f6 15. Be3 Bb4 16. Bxb6+ axb6 17. a3 Bxc3 18. bxc3 Rxa3 19. c4 Rha8 20.
Rhd1 R3a4 21. Kb2 Rb4+ 22. Kc3 c5 23. Rd3 Rxc4+ 24. Kb2 Rxe4 25. Ng1 Rb4+ 26.
Kc3 e4 27. Rd6 Ra3+ 28. Kd2 Kxd6 29. Ke1+ Kc6 30. f3 f5 31. Kf2 Rb2 32. Rc1
Raa2 33. Bd1 Bb3 34. Kg3 Bxc2 35. Be2 Bd3 36. Bd1 Rxg2+ 37. Kf4 Rxg1 38. Ba4+
Rxa4 0-1

[Event "29. Erfurter Schachfestival 2019 - Seni"]
[Site "Erfurt"]
[Date "2019.12.28"]
[Round "3.2"]
[White "Weidlich, Günter"]
[Black "Pfitzer, Norbert"]
[Result "1/2-1/2"]
[WhiteElo "2167"]
[BlackElo "2028"]
[PlyCount "38"]
[EventDate "2019.12.26"]

1. b3 e5 2. Bb2 Nc6 3. c4 Nf6 4. e3 Be7 5. a3 a5 6. Qc2 O-O 7. Nf3 d6 8. d4
exd4 9. Nxd4 Nxd4 10. Bxd4 Re8 11. Bd3 g6 12. O-O Bf8 13. Qb2 Bg7 14. Nd2 Nh5
15. Bxg7 Nxg7 16. Nf3 Bf5 17. Rfd1 Qe7 18. Qc3 Bxd3 19. Rxd3 Ne6 1/2-1/2

[Event "29. Erfurter Schachfestival 2019 - Seni"]
[Site "Erfurt"]
[Date "2019.12.28"]
[Round "3.3"]
[White "Svanholm, Borge Waaktaar"]
[Black "Stahr, Ralf-Peter"]
[Result "1/2-1/2"]
[WhiteElo "1727"]
[BlackElo "2158"]
[PlyCount "57"]
[EventDate "2019.12.26"]

1. c4 e5 2. Nc3 Nc6 3. Nf3 f5 4. d4 e4 5. Ng5 Nf6 6. e3 h6 7. Nh3 g5 8. Ng1 Bg7
9. h4 g4 10. Nge2 Nh5 11. Nd5 d6 12. Nef4 Nxf4 13. Nxf4 h5 14. Be2 Bf6 15. g3
Kf7 16. b3 Ne7 17. Bb2 Ng6 18. Nxg6 Kxg6 19. Qc2 c6 20. Rd1 Be6 21. Kf1 Rc8 22.
Kg2 Qe7 23. Ba3 c5 24. dxc5 dxc5 25. Bb2 Rhd8 26. Bxf6 Qxf6 27. Rxd8 Rxd8 28.
Rd1 Rxd1 29. Bxd1 1/2-1/2

[Event "29. Erfurter Schachfestival 2019 - Seni"]
[Site "Erfurt"]
[Date "2019.12.28"]
[Round "3.4"]
[White "Brüning, Wolfgang"]
[Black "Muuss, Klaus"]
[Result "0-1"]
[WhiteElo "1855"]
[BlackElo "2064"]
[PlyCount "70"]
[EventDate "2019.12.26"]

1. c4 e5 2. g3 Nf6 3. Bg2 Nc6 4. Nc3 d6 5. Nf3 Bf5 6. d3 Qd7 7. Bd2 Be7 8. Nd5
O-O 9. b4 a6 10. Bc3 Bd8 11. h3 h6 12. Qd2 Re8 13. Nxf6+ Bxf6 14. g4 Bh7 15. g5
hxg5 16. Nxg5 Bxg5 17. Qxg5 Qf5 18. Qxf5 Bxf5 19. O-O-O Rab8 20. h4 Nd4 21. Kd2
Bg4 22. f3 Be6 23. Bxd4 exd4 24. h5 b5 25. c5 dxc5 26. bxc5 b4 27. Ra1 a5 28.
Rh4 Red8 29. e3 dxe3+ 30. Kxe3 Bf5 31. d4 a4 32. Bf1 b3 33. axb3 axb3 34. Bd3
b2 35. Rb1 Rb3 0-1

[Event "29. Erfurter Schachfestival 2019 - Seni"]
[Site "Erfurt"]
[Date "2019.12.28"]
[Round "3.5"]
[White "Wünsch, Ulrich"]
[Black "Hadlich, Gerald"]
[Result "0-1"]
[WhiteElo "2050"]
[BlackElo "1868"]
[PlyCount "48"]
[EventDate "2019.12.26"]

1. d4 d5 2. Nf3 Nf6 3. e3 Bf5 4. c4 c6 5. Nc3 e6 6. Be2 Nbd7 7. O-O Bd6 8. b3
h6 9. Bb2 O-O 10. Re1 Ne4 11. Nxe4 Bxe4 12. Nd2 Bh7 13. f3 Qh4 14. Nf1 Bb4 15.
Nd2 Bd6 16. f4 Qd8 17. Bf3 f5 18. a3 Nf6 19. Be2 Ne4 20. Nf3 g5 21. Ne5 Kh8 22.
Bd3 Bxe5 23. dxe5 gxf4 24. exf4 Qb6+ 0-1

[Event "29. Erfurter Schachfestival 2019 - Seni"]
[Site "Erfurt"]
[Date "2019.12.28"]
[Round "3.6"]
[White "Flockerzi, Armin"]
[Black "Hüttemann, Karl-Heinz"]
[Result "0-1"]
[WhiteElo "1696"]
[BlackElo "2043"]
[PlyCount "120"]
[EventDate "2019.12.26"]

1. Nf3 Nf6 2. d4 d5 3. g3 e6 4. Bg2 c5 5. e3 Nc6 6. c3 b6 7. O-O Bd6 8. Re1 O-O
9. Nbd2 Bb7 10. Qc2 Rc8 11. dxc5 Bxc5 12. b3 Qe7 13. Bb2 Ba3 14. Rac1 Bxb2 15.
Qxb2 Na5 16. Ne5 Rfd8 17. e4 dxe4 18. Nxe4 Nxe4 19. Bxe4 Bxe4 20. Rxe4 f6 21.
Nf3 Qb7 22. Re3 e5 23. Qe2 Rc7 24. g4 h6 25. Nh4 Rcd7 26. Nf3 Qc6 27. h3 Nb7
28. Kh2 Qd6 29. Kg1 Nc5 30. Rc2 Qd1+ 31. Kg2 Qxe2 32. Rexe2 Ne6 33. Kg3 Rd3 34.
Re3 Kf7 35. h4 g5 36. hxg5 hxg5 37. Ne1 Rd1 38. Nf3 Nf4 39. Ne1 Rh8 40. Kf3 Rh1
41. Ng2 Nxg2 42. Kxg2 Rdg1+ 43. Kf3 Rh3+ 44. Ke2 Rxe3+ 45. Kxe3 Rxg4 46. f3 Rh4
47. Rg2 Ke6 48. c4 Kf5 49. a3 a5 50. Rc2 Rh3 51. c5 bxc5 52. Rxc5 g4 53. b4
Rxf3+ 54. Ke2 Rxa3 55. Rxa5 Rb3 56. Ra4 g3 57. Kf1 Kg4 58. Ra6 Rxb4 59. Rxf6
Rf4+ 60. Rxf4+ exf4 0-1

[Event "29. Erfurter Schachfestival 2019 - Seni"]
[Site "Erfurt"]
[Date "2019.12.28"]
[Round "3.7"]
[White "Etzold, Walter"]
[Black "Hölting, Siegfried"]
[Result "1/2-1/2"]
[WhiteElo "2041"]
[BlackElo "1854"]
[PlyCount "50"]
[EventDate "2019.12.26"]

1. d4 d5 2. Nf3 Nf6 3. Bf4 e6 4. e3 c5 5. Nbd2 Nc6 6. c3 cxd4 7. exd4 Bd6 8.
Bxd6 Qxd6 9. Bb5 Bd7 10. Qe2 a6 11. Bd3 O-O 12. O-O Rfe8 13. Ne5 Re7 14. Rae1
Ne8 15. f4 f6 16. Qf2 f5 17. g4 Nf6 18. Qh4 Ne4 19. Ndf3 Be8 20. Nxc6 bxc6 21.
Ne5 Raa7 22. Qh3 g6 23. Qe3 a5 24. Re2 Rac7 25. Bxe4 fxe4 1/2-1/2

[Event "29. Erfurter Schachfestival 2019 - Seni"]
[Site "Erfurt"]
[Date "2019.12.28"]
[Round "3.8"]
[White "Bodemer, Wolfgang"]
[Black "Vogel, Alfred"]
[Result "1/2-1/2"]
[WhiteElo "1850"]
[BlackElo "1966"]
[PlyCount "116"]
[EventDate "2019.12.26"]

1. d4 Nf6 2. c4 e6 3. g3 d5 4. Nf3 c6 5. Bg2 dxc4 6. O-O Nbd7 7. Nc3 Be7 8. a4
O-O 9. a5 Nd5 10. Qa4 Nb4 11. Na2 c5 12. Nxb4 cxb4 13. Bd2 b5 14. Qxb5 Rb8 15.
Qxc4 Bb7 16. Bf4 Bd5 17. Qc7 Qxc7 18. Bxc7 Rb7 19. Rfc1 f6 20. Bf4 g5 21. Bd2
a6 22. Ne1 Bxg2 23. Kxg2 Kf7 24. b3 Nb8 25. Nd3 Rd8 26. e3 e5 27. Rc4 exd4 28.
exd4 Rd5 29. Ra4 Rbb5 30. Kf3 Rxa5 31. Rxa5 Rxa5 32. Bxb4 Bxb4 33. Rxb4 Nc6 34.
Rc4 Ne7 35. Nc5 Rb5 36. g4 f5 37. h3 Kf6 38. Ra4 a5 39. Ra1 Nc6 40. Ke3 h6 41.
Kd3 Rb4 42. Ra4 fxg4 43. hxg4 Ke7 44. Rxb4 Nxb4+ 45. Kc4 Nc6 46. Nb7 Kd7 47.
Kc5 Kc7 48. d5 Ne5 49. Nxa5 Nxg4 50. f3 Nf6 51. b4 Nd7+ 52. Kd4 h5 53. Nc4 h4
54. Ne3 h3 55. Ng4 Kd6 56. Ke3 Ne5 57. Nh2 Kxd5 58. Kf2 Nxf3 1/2-1/2